| 000 | 00502nam a2200205Ia 4500 | ||
|---|---|---|---|
| 003 | OSt | ||
| 005 | 20260324150625.0 | ||
| 008 | 250729s2007 xx 000 0 und d | ||
| 020 | _a978-8171418060 | ||
| 040 | _cAL | ||
| 041 | _aeng | ||
| 082 | _a930.7 JAMM | ||
| 100 |
_aJamandlamudi _9230464 |
||
| 245 | _aMethods of teaching civics | ||
| 260 |
_aNewdelhi _bDiscover Publishing _c2007 |
||
| 300 | _a267p | ||
| 650 |
_aHistory _9230465 |
||
| 700 |
_aPrashanth Kumar _9230466 |
||
| 942 |
_2ddc _cBED |
||
| 999 |
_c238795 _d238795 |
||